| 000 | 01147cam a2200289 a 4500 | ||
|---|---|---|---|
| 999 |
_c1143 _d1143 |
||
| 001 | 3964305 | ||
| 003 | GZU | ||
| 005 | 20200925143741.0 | ||
| 008 | 940111s1993 sw b b 000 0 eng | ||
| 010 | _a 94104460 | ||
| 020 | _a9171063323 | ||
| 040 |
_aDLC _cDLC _dDLC |
||
| 043 | _af-sa--- | ||
| 050 | 0 | 0 |
_aHC900 _b.SOU 1993 |
| 245 | 0 | 0 |
_aSouthern Africa after apartheid : _bregional integration and external resources / _cedited by Bertil Odén. |
| 260 |
_aUppsala : _bNordiska Afrikainstitutet, _c1993. |
||
| 300 |
_a279 p. : _bmap ; _c23 cm. |
||
| 490 | 1 |
_aSeminar proceedings / The Scandinavian Institute of African Studies, _x0281-0018 ; _vno. 28 |
|
| 504 | _aIncludes bibliographical references (p. 263-275). | ||
| 651 | 0 |
_aAfrica, Southern _xEconomic integration. |
|
| 651 | 0 |
_aAfrica, Southern _xEconomic policy. |
|
| 700 | 1 |
_aOdén, Bertil, _d1939- _eeditor |
|
| 830 | 0 |
_aSeminar proceedings from the Scandinavian Institute of African Studies ; _v28. |
|
| 906 |
_a7 _bcbc _corignew _d2 _encip _f19 _gy-gencatlg |
||
| 942 |
_2lcc _cBK _h900 _iSOU _kHC |
||